| 000 | 00991nam a2200241Ia 4500 | ||
|---|---|---|---|
| 999 |
_c40572 _d40572 |
||
| 001 | 7197 | ||
| 003 | GE_BSU | ||
| 005 | 20231016110552.0 | ||
| 008 | 181216s2011||||ge |||||||||||||| ||geo|| | ||
| 010 | _a9789941917738. | ||
| 040 | _cGE_BSU | ||
| 041 | _ageo | ||
| 080 | _a332.21.025.27+347.235 მ-58 | ||
| 100 |
_aმესხიშვილი, ანზორ _92298 |
||
| 245 |
_aუძრავი ქონება : _bყველაფერი მიწის შესახებ / _cანზორ მესხიშვილი ; რედ. ზაურ ნაჭყებია. |
||
| 264 |
_aთბილისი : _bინოვაცია, _c2011. |
||
| 300 |
_a312 გვ. : _bცხრ. ; _c20 სმ. |
||
| 541 | _h15ლ. | ||
| 653 | _aუძრავი ქონება | ||
| 653 | _aყველაფერი მიწის შესახებ | ||
| 700 |
_aნაჭყებია, ზაურ _eრედაქტორი _91033 |
||
| 942 |
_cBK _2udc |
||